000 00483nam a2200157 a 4500
001 000046346
005 20201002052814.0
008 150731s2015 dr a 000 p spa d
020 _a9789945588446
040 _aDO-SdBNP
_bspa
_cBNPHU
100 1 _aEusebio, Enrique
_927213
245 1 0 _aReescritura de la voz :
_bpoesía inédita reunida /
_cEnrique Eusebio.
260 _aSanto Domingo, :
_bNacional,
_c2015.
300 _a235 p. :
_bil. ;
_c23 cm.
504 _aBibliografía p:233-245
999 _c45835
_d45835